| 000 | 00329 a2200133 4500 | ||
|---|---|---|---|
| 001 | 92069 | ||
| 082 | _a297.18 ARS | ||
| 090 |
_c44029 _d44028 |
||
| 100 | _aMolana Arsalan Bin Akhtar | ||
| 245 | _aDilchasp Asar Angaiz Waqeaat | ||
| 260 |
_aKarachi _bZam Zam Publishers _c2013 |
||
| 300 |
_a200p. _bHb |
||
| 500 | _aGeneral Book | ||
| 942 |
_aCAE NUST _k297.18 ARS |
||
| 999 |
_c327142 _d327142 |
||